Infrastructure Planning Handbook: Planning, Engineering and Economics. (Record no. 5264)

MARC details
005 - DATE AND TIME OF LATEST TRANSACTION
control field 20250626093521.0
020 ## - INTERNATIONAL STANDARD BOOK NUMBER
International Standard Book Number 978-0-07-147494-8
082 ## - DEWEY DECIMAL CLASSIFICATION NUMBER
Classification number 658.404 GOO
100 ## - MAIN ENTRY--PERSONAL NAME
Author name GOODMAN, A. S.
245 ## - TITLE STATEMENT
Title Infrastructure Planning Handbook: Planning, Engineering and Economics.
260 ## - PUBLICATION, DISTRIBUTION, ETC.
Place of publication, distribution, etc. New York,
Name of publisher, distributor, etc. McGraw Hill,
Date of publication, distribution, etc. 2006.
300 ## - PHYSICAL DESCRIPTION
Extent xvii, 517p.: ill.; figure, table
Other physical details Index & References
Dimensions 26cm
700 ## - ADDED ENTRY--PERSONAL NAME
Other authors/Editors HASTAK, M.
942 ## - ADDED ENTRY ELEMENTS (KOHA)
Source of classification or shelving scheme Dewey Decimal Classification
Koha item type Books
Holdings
Date last seen Total checkouts Full call number Barcode Cost, replacement price Price effective from Koha item type Lost status Source of classification or shelving scheme Damaged status Not for loan Withdrawn status Home library Current library Shelving location Date acquired Cost, normal purchase price
06/26/2025   658.404 GOO DOM0001349 363000.00 06/26/2025 Books   Dewey Decimal Classification       CBE Dodoma CBE Dodoma General Collection 04/26/2010 121000.00
06/26/2025   658.404 GOO DOM0001350 363000.00 06/26/2025 Books   Dewey Decimal Classification       CBE Dodoma CBE Dodoma General Collection 04/26/2010 121000.00
06/26/2025   658.404 GOO DOM0001351 363000.00 06/26/2025 Books   Dewey Decimal Classification       CBE Dodoma CBE Dodoma General Collection 04/26/2010 121000.00
06/26/2025   658.404 GOO DOM0001481 363000.00 06/26/2025 Books   Dewey Decimal Classification       CBE Dodoma CBE Dodoma General Collection 04/26/2010 121000.00
06/29/2025   658.404GOO DOM0001588 363000.00 06/29/2025 Books   Dewey Decimal Classification       CBE Dodoma CBE Dodoma General Collection 04/26/2010 121000.00